[Event "2nd 3-0 Thu 11th Dec 2025"]
[Site "chess.com INT"]
[Date "2025.12.11"]
[Round "5"]
[White "Deac, Bogdan-Daniel"]
[Black "Martinez Alcantara, Jose Eduardo"]
[Result "0-1"]
[WhiteElo "2652"]
[BlackElo "2667"]
[PlyCount "182"]
[EventDate "2025.12.11"]

1. d4 d5 2. c4 e6 3. Nf3 Nf6 4. g3 Bd6 5. Bg2 O-O 6. O-O Nc6 7. a3 ({RR} 7. b3 dxc4 8. bxc4 e5 9. c5 Be7 10. dxe5 Qxd1 11. Rxd1 Ne4 12. Ba3 Bxc5 13. Bxc5 Nxc5 14. Nc3 Be6 15. Nb5 Bc4 16. Nxc7 Rac8 17. Rdc1 Na5 18. Nd2 Rxc7 19. Nxc4 Nab3 20. axb3 Nxb3 21. Rcb1 Nxa1 {Giri,A (2777)-Artemiev,V (2699) chess24.com INT 2021 0-1 (35)}) 7... a5 8. Qc2 ({RR} 8. b3 dxc4 9. bxc4 e5 10. d5 Nb8 11. c5 Bxc5 12. Nxe5 Re8 13. Bb2 Nbd7 14. Nd3 Ba7 15. Nd2 Nc5 16. Nxc5 Bxc5 17. e4 Ng4 18. h3 Ne5 19. Qc2 Ba7 20. Kh1 c6 21. f4 Ng6 22. dxc6 bxc6 {Deac,B (2655)-Baches Garcia,G (2305) chess.com INT 2026 1-0 (34)}) 8... a4 9. cxd5 $146 ({RR} 9. c5 Be7 10. Nc3 Bd7 11. e3 b6 12. Nxa4 Nxd4 13. exd4 Bxa4 14. b3 Bb5 15. Rd1 Ne4 16. Be3 f5 17. a4 Be8 18. Ne5 Bf6 19. cxb6 cxb6 20. Rdc1 Ra7 21. Nc6 Bxc6 22. Qxc6 Re7 23. Rc2 g5 {Hamitevici,V (2449)-Stankovic,M (2421) Chisinau MDA 2025 ½-½ (46)}) ({RR} 9. c5 Be7 10. Nc3 Bd7 11. Bf4 Nh5 12. Bd2 f5 13. Nxa4 g5 14. e3 g4 15. Ne1 Nxd4 16. exd4 Bxa4 17. b3 Bb5 18. Nd3 Nf6 19. a4 Bxd3 20. Qxd3 Qd7 21. a5 Ne4 22. b4 c6 23. Bf4 Bf6 {Lazavik,D (2605)-Carlsen,M (2840) London ENG 2026 0-1 (50)}) ({RR} 9. c5 Be7 10. Nc3 Bd7 11. e3 b6 12. Nxa4 Nxd4 13. exd4 Bxa4 14. b3 Bb5 15. Rd1 Ne4 16. Be3 f5 17. a4 Be8 18. Ne5 Bf6 19. cxb6 cxb6 20. Rdc1 Ra7 21. Nc6 Bxc6 22. Qxc6 Re7 23. Rc2 g5 {Hamitevici,V (2449)-Stankovic,M (2421) Kishinev 2025 ½-½ (46)}) 9... exd5 10. Nc3 Bg4 11. Rd1 Qd7 12. Ne5 Nxd4 13. Rxd4 Bxe5 14. Rxa4 Bf5 15. Qb3 c6 16. Rxa8 Rxa8 17. Bg5 h6 18. Bxf6 Bxf6 19. e3 Be6 20. Qc2 Bf5 21. Qb3 d4 22. exd4 Bxd4 23. Rd1 Bg4 24. Re1 Rd8 25. h4 Qc7 26. Ne4 Qb6 27. Qxb6 Bxb6 28. b4 Ra8 29. Nc5 Bxc5 30. bxc5 Bf5 31. Re7 Rb8 32. a4 Kf8 33. Rc7 Bd3 34. a5 Ra8 35. Rxb7 Rxa5 36. Rb8+ Ke7 37. Rb7+ Kf6 38. Rb6 Rxc5 39. Rxc6+ Rxc6 40. Bxc6 Ke5 41. f4+ Kd4 42. Kf2 f6 43. Be8 Bc4 44. Bd7 Bd5 45. g4 Kc5 46. Kg3 Kd6 47. Bf5 g5 48. fxg5 hxg5 49. hxg5 fxg5 50. Bd3 Ke5 51. Be2 Kd4 52. Bf3 Bc4 53. Bg2 Ke3 54. Bf3 Bf1 55. Bg2 Be2 56. Bh1 Bd1 57. Bg2 Bc2 58. Bh1 Bd3 59. Bg2 Bg6 60. Bh1 Bf7 61. Bg2 Bc4 62. Bh1 Bb5 63. Bg2 Bd7 64. Bh1 Bc8 65. Bg2 Kd4 66. Bh1 Ke5 67. Bf3 Kd6 68. Bg2 Bd7 69. Bf3 Kc5 70. Bg2 Bb5 71. Bf3 Kb4 72. Bg2 Bc4 73. Bf3 Kc3 74. Bg2 Kb2 75. Bf3 Bb3 76. Bg2 Kc1 77. Bf3 Bc2 78. Bg2 Kd2 79. Bf3 Bd3 80. Bg2 Bc4 81. Bf3 Bf1 82. Bg2 Bxg2 83. Kxg2 Ke2 84. Kg3 Ke3 85. Kg2 Ke2 86. Kg3 Kd3 87. Kf3 Kd4 88. Kg3 Ke4 89. Kg2 Kf4 90. Kh3 Kf3 91. Kh2 Kxg4 0-1

[Event "Clash of Claims 2024"]
[Site "Madrid ESP"]
[Date "2024.06.08"]
[Round "19"]
[White "Kramnik, V."]
[Black "Martinez Alcantara, Jose Eduardo"]
[Result "0-1"]
[WhiteElo "2753"]
[BlackElo "2612"]
[PlyCount "180"]
[EventDate "2024.06.07"]

1. d4 d5 2. c4 e6 3. Nf3 Nf6 4. g3 Bb4+ 5. Bd2 a5 6. Bg2 O-O 7. Qc2 Be7 8. O-O Nbd7 9. Bf4 c6 10. Nbd2 Nh5 11. Be3 Nhf6 ({RR} 11... b6 12. Ne1 Ba6 13. Nd3 Nhf6 14. h3 Rc8 15. b3 c5 16. Qb2 h6 17. Rac1 Re8 18. Rfd1 Bd6 19. Nf3 Qe7 20. Nde5 cxd4 21. Qxd4 Ba3 22. Rc2 Bc5 23. Qd3 Red8 24. Bxc5 Nxc5 25. Qe3 dxc4 26. Nd4 {Vachier Lagrave,M (2727)-Keymer,V (2717) Kolkata IND 2023 1-0 (44)}) 12. Rac1 $146 ({RR} 12. h3 b6 13. cxd5 cxd5 14. Rfc1 Ba6 15. Bf1 Rc8 16. Qb3 b5 17. a4 b4 18. Ne5 Nxe5 19. dxe5 Nd7 20. Bd4 Bc5 21. Qe3 Qb6 22. Nb3 Bxd4 23. Nxd4 Bc4 24. b3 Ba6 25. f4 Nc5 26. Qf2 Ne4 {Gormally,D (2424)-Royal,S (2520) Leamington Spa ENG 2024 0-1 (32)}) ({RR} 12. Bg5 h6 13. Bxf6 Nxf6 14. e4 dxe4 15. Nxe4 Nxe4 16. Qxe4 a4 17. Rad1 Ra5 18. Rfe1 Bf6 19. Ne5 Qc7 20. Ng4 Be7 21. Qe2 Rd8 22. Rd3 Bf8 23. Red1 Bd7 24. Ne3 Be8 25. c5 Be7 26. Nc4 Ra6 {Krasteva,B (2323)-Georgescu,L (2261) Weissenhorn GER 2026 1-0 (41)}) 12... b6 13. Bf4 Nh5 14. Be5 Ba6 15. cxd5 cxd5 16. Rfe1 Rc8 17. Bc7 Qe8 18. Qa4 Nhf6 19. e3 Nc5 20. Qxe8 Rfxe8 21. Bxb6 Nd3 22. Rxc8 Rxc8 23. Rb1 a4 24. Bf1 Ng4 25. b4 axb3 26. Nxb3 Ngxf2 27. Nc5 Bc4 28. Nxd3 Nxd3 29. a4 Ra8 30. a5 f6 31. Nd2 Ba6 32. Rb3 Nb4 33. Bxa6 Rxa6 34. Rc3 Ra8 35. Nb3 e5 36. Rc7 Bd6 37. Rd7 Bf8 38. Nc5 exd4 39. exd4 Nc6 40. Rxd5 Nxa5 41. Ne6 Nc4 42. Bc5 Bxc5 43. dxc5 Ne5 44. Nd4 Ra1+ 45. Kg2 Rc1 46. Rd8+ Kf7 47. c6 Rc4 48. Rd5 h5 49. h3 g6 50. Rd6 Ke7 51. Re6+ Kf7 52. Rd6 Rc5 53. Kf2 Rc3 54. Ke2 Rc5 55. Rd8 Rc3 56. Rd6 g5 57. h4 g4 58. Nf5 Nxc6 59. Kd2 Rc5 60. Ne3 Ne5 61. Rd4 Ra5 62. Rb4 Ra3 63. Ke2 Ra2+ 64. Kf1 Ra1+ 65. Ke2 Ra2+ 66. Kf1 Kg6 67. Rb6 Rd2 68. Ra6 Rd8 69. Ng2 Kf5 70. Ra4 Rd3 71. Rf4+ Kg6 72. Kf2 Ra3 73. Rd4 Rf3+ 74. Ke1 Rxg3 75. Nf4+ Kf5 76. Nxh5 Rh3 77. Rf4+ Kg6 78. Rxf6+ Kxh5 79. Rf5+ Kxh4 80. Rxe5 Rf3 81. Re8 Rf7 82. Re3 g3 83. Re6 Kh3 84. Rh6+ Kg2 85. Re6 Kh2 86. Rh6+ Kg1 87. Re6 g2 88. Ke2 Rh7 89. Rg6 Kh1 90. Kf2 Rf7+ 0-1

[Event "Grenke Chess Classic 6th"]
[Site "Karlsruhe/Baden Baden"]
[Date "2019.04.28"]
[Round "8"]
[White "Vallejo Pons, Francisco"]
[Black "Naiditsch, Arkadij"]
[Result "1/2-1/2"]
[WhiteElo "2693"]
[BlackElo "2695"]
[PlyCount "173"]
[EventDate "2019.04.20"]
[EventType "tourn"]
[EventRounds "9"]
[EventCountry "GER"]
[EventCategory "19"]
[SourceTitle "CBM 190"]
[Source "ChessBase"]
[SourceDate "2019.06.30"]
[SourceVersion "1"]
[SourceVersionDate "2019.06.30"]
[SourceQuality "1"]

1. d4 Nf6 2. c4 e6 3. Nf3 d5 4. Bg5 Nbd7 5. e3 h6 6. Bf4 ({RR} 6. Bh4 Be7 7. Qc2 O-O 8. cxd5 Nxd5 9. Bxe7 Qxe7 10. Bc4 N5f6 11. Nc3 c5 12. O-O cxd4 13. Nxd4 Ne5 14. Be2 Bd7 15. Qb3 Rab8 16. a4 Rfc8 17. a5 Nc6 18. Rfd1 Nxd4 19. Rxd4 Bc6 20. Bb5 a6 {Mamedyarov,S (2817)-Karjakin,S (2753) Kolkata 2018 ½-½}) ({RR} 6. Bh4 Bb4+ 7. Nbd2 g5 8. Bg3 g4 9. a3 Bd6 10. Ne5 h5 11. Nxd7 Qxd7 12. Bh4 Ne4 13. Nxe4 dxe4 14. h3 g3 15. fxg3 Rg8 16. Qxh5 Qa4 17. Be2 Bb4+ 18. Kf2 Bd6 19. Qh7 Kf8 20. c5 Bd7 {Martinez Ramirez,L (2412)-Arshpreet Singh (2312) chess.com INT 2026 1-0}) 6... dxc4 $146 ({RR} 6... b6 7. Nc3 Bb4 8. Qa4 Bxc3+ 9. bxc3 O-O 10. Be2 Bb7 11. O-O Ne4 12. Rac1 g5 13. Bg3 h5 14. cxd5 exd5 15. Bb5 Ndf6 16. Be5 Nh7 17. h3 f6 18. Bh2 g4 19. hxg4 hxg4 20. Nh4 f5 21. Ng6 {Hansen,C-Rasmussen,K Denmark 1980 1-0}) ({RR} 6... Be7 7. Nc3 c6 8. Bd3 O-O 9. O-O dxc4 10. Bxc4 b5 11. Bd3 a6 12. h3 Bb7 13. a4 b4 14. Ne4 c5 15. Nd6 Bc6 16. Ne5 Bxd6 17. Nxc6 Qc7 18. Bxd6 Qxd6 19. Na5 cxd4 20. Nc4 Qc7 21. exd4 {Florescu,C (2293)-Sjugirov,S (2661) Chess.com INT 2021 0-1 (52)}) 7. Bxc4 Bd6 8. Bxd6 cxd6 9. Nc3 d5 10. Bd3 b6 11. Ne5 Bb7 12. f4 O-O 13. O-O Ne4 14. Bxe4 dxe4 15. Qa4 Nf6 16. f5 Qe7 17. h3 a5 18. Ng4 Nxg4 19. hxg4 Qg5 20. Rf4 exf5 21. Qd7 Bc8 22. Qc6 Rb8 23. gxf5 Bxf5 24. Nxe4 Qg6 25. Qxg6 Bxg6 26. Nd6 Rfd8 27. Nb5 Rbc8 28. Rd1 f6 29. a3 Rc2 30. Rf2 Rc4 31. Rfd2 Be8 32. Nc3 b5 33. Kf2 f5 34. d5 Kf7 35. Rd4 Rdc8 36. e4 Kf6 37. Rxc4 bxc4 38. Ke3 Ke5 39. exf5 Rb8 40. Rd2 h5 41. g3 Bd7 42. d6 Kxf5 43. Rd5+ Ke6 44. Kd4 Bc6 45. Rxh5 Rxb2 46. Rxa5 Kxd6 47. Rg5 Bg2 48. Rg6+ Ke7 49. Rxg7+ Kf6 50. Rg4 Bh3 51. Rf4+ Ke7 52. Kxc4 Be6+ 53. Kd3 Rg2 54. Ne2 Rh2 55. Ke3 Rh1 56. Ra4 Re1 57. Kf2 Ra1 58. Ra5 Kf6 59. Nc3 Bf5 60. Nd5+ Kf7 61. Ke3 Bc2 62. g4 Ke6 63. Nf4+ Kd6 64. Ne2 Rd1 65. g5 Rd3+ 66. Kf2 Rd2 67. Ke3 Rd3+ 68. Kf2 Rd2 69. g6 Ke7 70. Ra7+ Kf8 71. Ke3 Rd3+ 72. Kf4 Bd1 73. Ng1 Rd6 74. Kg5 Rd5+ 75. Kf4 Rd6 76. Rf7+ Kg8 77. Kg5 Ra6 78. Kh6 Bc2 79. Rg7+ Kf8 80. Nf3 Rxa3 81. Ng5 Ra6 82. Nh7+ Ke8 83. Rg8+ Ke7 84. Rg7+ Ke8 85. Kg5 Rxg6+ 86. Rxg6 Bxg6 87. Kxg6 1/2-1/2

[Event "Valjevo"]
[Site "Valjevo"]
[Date "2007.06.16"]
[Round "4"]
[White "Nikolic, Predrag"]
[Black "Roiz, Michael"]
[Result "1/2-1/2"]
[WhiteElo "2631"]
[BlackElo "2605"]
[PlyCount "171"]
[EventDate "2007.06.13"]
[EventType "tourn"]
[EventRounds "9"]
[EventCountry "YUG"]
[EventCategory "15"]
[SourceTitle "CBM 119"]
[Source "ChessBase"]
[SourceDate "2007.08.01"]
[SourceVersion "1"]
[SourceVersionDate "2007.08.01"]
[SourceQuality "1"]

1. d4 {Aronian,Levon} Nf6 2. Nf3 d5 3. c4 e6 4. Bg5 h6 5. Bxf6 Qxf6 6. Nbd2 dxc4 ({RR} 6... Nd7 7. Rc1 c6 8. a3 g5 9. h3 ({RR} 9. e3 Bg7) ({RR} 9. e4 g4 10. e5 Qd8 ({RR} 10... Qf5 11. Ng1 ({RR} 11. Nh4 Qf4 12. Nb3 Be7) 11... c5 12. cxd5 cxd4 13. dxe6 Qxe5+ 14. Qe2 fxe6) 11. Ng1 Qb6 12. Nb3 a5 ({RR} 12... c5 13. Bd3 cxd4 14. f4) 13. c5 Qd8 14. Nd2 Rg8) 9... h5 10. cxd5 ({RR} 10. e4 g4 11. e5 Qg7) 10... exd5 11. e4 g4 12. e5 Qg7 13. Nh4 Qg5 14. g3 f6 15. e6 Nb6 16. Rc3 ({RR} 16. Bd3 Bxe6 17. Ng6 Rg8) 16... Bxe6 17. Re3 Kd7 ({RR} 17... Qg8 18. Ng6 Bh6 ({RR} 18... Qxg6 19. Bd3 f5 20. hxg4) 19. Nxh8 Bxe3 20. fxe3 Qxh8 21. hxg4 Qg7 22. g5) 18. Bd3 Re8 ({RR} 18... Nc4 19. Bxc4 dxc4 20. Ne4 Qa5+ 21. Kf1) ({RR} 18... Bd6 19. Rxe6 Kxe6 20. Nf5 Kd7) 19. Ng6 Rg8 ({RR} 19... Nc4 20. h4 Qh6 ({RR} 20... Nxe3 21. Qb3 Qh6 22. Qxb7+ Kd6 23. Nxh8) 21. Nxc4 dxc4 22. d5) 20. Nf4 Bh6 ({RR} 20... Bf7 21. Rxe8 Kxe8 22. hxg4 Qxg4 23. Be2 Qd7 24. Bxh5 Bd6) 21. Bh7 {Aronian,L (2739)-Anand,V (2799) Nice 2008 CBM 123 Extra [Aronian,Levon] 1-0 (50)} {RR} Rg7 22. h4 Qxf4 23. gxf4 Rxh7 24. Nb3) ({RR} 6... g6 7. Qc2 Qe7 8. g3 Bg7 9. Bg2 O-O 10. Rc1 c5 11. cxd5 cxd4 12. Qxc8 Rxc8 13. Rxc8+ Kh7 14. h4 Bf6 15. Ne4 exd5 16. Nxf6+ Qxf6 17. O-O Kg7 18. Rfc1 d3 19. exd3 Qxb2 20. Re1 Qxa2 21. g4 {Bu Xiangzhi (2676)-Hovhannisyan,R (2607) Benasque ESP 2023 1-0 (39)}) 7. e3 g6 8. Bxc4 $146 ({RR} 8. Rc1 Nd7 9. Nxc4 Bb4+ 10. Ncd2 c6 11. a3 Bxd2+ 12. Nxd2 O-O 13. Bc4 b6 14. O-O Bb7 15. b4 a5 16. Be2 axb4 17. axb4 c5 18. Bb5 cxd4 19. Bxd7 dxe3 20. fxe3 Qg5 21. e4 Rfd8 22. Rc7 Qe3+ {Nikolic,P (2631)-Pavasovic,D (2567) Valjevo 2007 1-0 (35)}) 8... Bg7 9. O-O O-O 10. b4 Qe7 11. Rb1 Nd7 12. Qc2 c6 13. a4 b6 14. a5 Rb8 15. Rfc1 Bb7 16. Bd3 Rfc8 17. a6 Ba8 18. e4 c5 19. bxc5 bxc5 20. Rxb8 Rxb8 21. dxc5 Rc8 22. Nb3 Nxc5 23. Nxc5 Bf8 24. Ne5 Rxc5 25. Qxc5 Qxc5 26. Rxc5 Bxc5 27. Kf1 Bd6 28. Nc4 Bc7 29. h4 Kf8 30. Ke2 Ke7 31. Ke3 Bc6 32. f4 Bb5 33. Nb2 Bb6+ 34. Ke2 Bc6 35. g4 Bd4 36. Nc4 Kd7 37. e5 Bc5 38. h5 gxh5 39. gxh5 Kc7 40. Na5 Ba4 41. Nb7 Be7 42. Na5 Kb6 43. Nc4+ Kc5 44. Ne3 Bf8 45. Kd2 Bc6 46. Ng4 Kd4 47. Ke2 Bg7 48. Ne3 Be8 49. Kd2 Bf8 50. Nc2+ Kc5 51. Ne3 Bc6 52. Ng4 Bg7 53. Ne3 Bf3 54. Be2 Bxe2 55. Kxe2 Kb5 56. Kd3 Kxa6 57. Kc4 Kb6 58. Nc2 Bf8 59. Ne3 Bg7 60. Nc2 Bf8 61. Ne3 a5 62. f5 exf5 63. Nxf5 a4 64. Nd4 a3 65. Nc2 Bc5 66. Na1 Kc6 67. Nb3 a2 68. Na1 Bb6 69. Nc2 Bc5 70. Na1 Be7 71. Nc2 Bf8 72. Kb3 Kd5 73. Kxa2 Kxe5 74. Kb3 Kf4 75. Kc4 Kg4 76. Kd5 Bg7 77. Ke4 f5+ 78. Ke3 Bf8 79. Ke2 Bc5 80. Ne1 Kxh5 81. Kf3 Kg5 82. Ng2 h5 83. Nf4 Ba7 84. Nd5 Bc5 85. Nf4 Kh6 86. Ng2 1/2-1/2

[Event "Jermuk FIDE GP"]
[Site "Jermuk"]
[Date "2009.08.20"]
[Round "10"]
[White "Ivanchuk, Vassily"]
[Black "Karjakin, Sergey"]
[Result "1/2-1/2"]
[WhiteElo "2703"]
[BlackElo "2717"]
[PlyCount "164"]
[EventDate "2009.08.09"]
[EventType "tourn"]
[EventRounds "13"]
[EventCountry "ARM"]
[EventCategory "19"]
[SourceTitle "CBM 132"]
[Source "ChessBase"]
[SourceDate "2009.09.16"]
[SourceVersion "1"]
[SourceVersionDate "2009.09.16"]
[SourceQuality "1"]

1. d4 {Aronian,Levon} Nf6 2. c4 e6 3. Nf3 d5 4. Bg5 h6 5. Bxf6 Qxf6 6. Nbd2 Be7 ({RR} 6... Nd7 7. Rc1 c6 8. a3 g5 9. h3 ({RR} 9. e3 Bg7) ({RR} 9. e4 g4 10. e5 Qd8 ({RR} 10... Qf5 11. Ng1 ({RR} 11. Nh4 Qf4 12. Nb3 Be7) 11... c5 12. cxd5 cxd4 13. dxe6 Qxe5+ 14. Qe2 fxe6) 11. Ng1 Qb6 12. Nb3 a5 ({RR} 12... c5 13. Bd3 cxd4 14. f4) 13. c5 Qd8 14. Nd2 Rg8) 9... h5 10. cxd5 ({RR} 10. e4 g4 11. e5 Qg7) 10... exd5 11. e4 g4 12. e5 Qg7 13. Nh4 Qg5 14. g3 f6 15. e6 Nb6 16. Rc3 ({RR} 16. Bd3 Bxe6 17. Ng6 Rg8) 16... Bxe6 17. Re3 Kd7 ({RR} 17... Qg8 18. Ng6 Bh6 ({RR} 18... Qxg6 19. Bd3 f5 20. hxg4) 19. Nxh8 Bxe3 20. fxe3 Qxh8 21. hxg4 Qg7 22. g5) 18. Bd3 Re8 ({RR} 18... Nc4 19. Bxc4 dxc4 20. Ne4 Qa5+ 21. Kf1) ({RR} 18... Bd6 19. Rxe6 Kxe6 20. Nf5 Kd7) 19. Ng6 Rg8 ({RR} 19... Nc4 20. h4 Qh6 ({RR} 20... Nxe3 21. Qb3 Qh6 22. Qxb7+ Kd6 23. Nxh8) 21. Nxc4 dxc4 22. d5) 20. Nf4 Bh6 ({RR} 20... Bf7 21. Rxe8 Kxe8 22. hxg4 Qxg4 23. Be2 Qd7 24. Bxh5 Bd6) 21. Bh7 {Aronian,L (2739)-Anand,V (2799) Nice 2008 CBM 123 Extra [Aronian,Levon] 1-0 (50)} {RR} Rg7 22. h4 Qxf4 23. gxf4 Rxh7 24. Nb3) 7. a3 $146 ({RR} 7. Qb3 O-O 8. cxd5 exd5 9. Qxd5 c5 10. Qe5 Nc6 11. Qxf6 Bxf6 12. Ne4 Bxd4 13. Nxd4 Nxd4 14. O-O-O Be6 15. e3 Nf5 16. b3 Rfd8 17. Bc4 b6 18. g4 Ne7 19. h3 Nc6 20. Bxe6 fxe6 21. Rxd8+ Rxd8 {Vachier Lagrave,M (2768)-Wojtaszek,R (2735) Tromsoe 2014 ½-½ (42)}) ({RR} 7. e3 O-O 8. Rc1 c5 9. cxd5 exd5 10. Qb3 c4 11. Qb5 Qd6 12. e4 a6 13. Qxd5 Qxd5 14. exd5 b5 15. b3 Ba3 16. Rc3 Bb4 17. Rc1 c3 18. Nb1 c2+ 19. Nbd2 Bf5 20. Be2 Re8 {0-1 (20) Daulet,A (2166)-Bluebaum,M (2684) chess.com INT 2026}) ({RR} 7. e3 O-O 8. cxd5 exd5 9. Be2 c5 10. O-O Nc6 11. dxc5 Bxc5 12. Nb3 Bb6 13. Qd2 Bg4 14. a4 a6 15. a5 Ba7 16. Ra4 Bd7 17. Rd1 Rfd8 18. Ra3 Rac8 19. Nbd4 Bc5 20. Nxc6 Bxc6 21. b4 Ba7 {Epishin,V (2598)-Roiz,M (2645) Trieste 2010 ½-½ (43)}) 7... c5 8. e4 cxd4 9. cxd5 exd5 10. exd5 O-O 11. Ne4 Qf4 12. Qxd4 Re8 13. Be2 Bxa3 14. Rxa3 Rxe4 15. Qd2 Nd7 16. Qxf4 Rxf4 17. O-O Rb4 18. b3 Nf6 19. Rd1 Bf5 20. Nd4 Be4 21. d6 a6 22. Bf3 Rd8 23. Bxe4 Nxe4 24. Nf5 Rb5 25. f3 Nc3 26. Ne7+ Kf8 27. Rd3 Ne2+ 28. Kf2 Nc1 29. Rd1 Nxb3 30. g4 g6 31. h4 Nc5 32. Rc3 Ne6 33. Re3 Kg7 34. Kg3 Rb6 35. Red3 a5 36. h5 a4 37. hxg6 fxg6 38. d7 Ra6 39. Nc8 a3 40. Ra1 a2 41. Rd2 b5 42. Raxa2 Rxa2 43. Rxa2 Rxd7 44. Ra6 Nd4 45. Rb6 Ne2+ 46. Kf2 Nc3 47. Kg3 Rd3 48. Na7 Rd5 49. Kf2 h5 50. Kg3 Ne2+ 51. Kf2 Nd4 52. Kg3 Kh6 53. Rb8 Kg5 54. f4+ Kh6 55. Rb6 Ne2+ 56. Kf3 Nc3 57. Kg3 Rd3+ 58. Kh4 Nd5 59. Rd6 Nxf4 60. g5+ Kg7 61. Rxd3 Nxd3 62. Nxb5 Kf7 63. Nd4 Ke7 64. Kg3 Kd6 65. Nf3 Kd5 66. Nh4 Ne5 67. Kf4 Kd4 68. Ng2 Nd3+ 69. Kf3 Ke5 70. Nh4 Nf4 71. Ke3 Nd5+ 72. Kf2 Ne7 73. Kf3 Kd4 74. Kf4 Kd5 75. Nf3 Nf5 76. Ne5 Nh4 77. Nf7 Ke6 78. Nh8 Ke7 79. Kg3 Kf8 80. Kxh4 Kg7 81. Nxg6 Kxg6 82. Kg3 Kxg5 1/2-1/2

[Event "FIDE Grand Swiss 2023"]
[Site "Douglas IOM"]
[Date "2023.10.26"]
[Round "2.42"]
[White "Vidit, S."]
[Black "Gupta, Ab"]
[Result "1-0"]
[WhiteElo "2716"]
[BlackElo "2609"]
[PlyCount "159"]
[EventDate "2023.10.25"]

1. Nf3 d5 2. d4 Nf6 3. c4 c6 4. e3 e6 5. Nbd2 Nbd7 6. b3 Bd6 7. Bb2 Ne4 8. Be2 ({RR} 8. Bd3 f5 9. O-O Qf6 10. a4 a5 11. Ra2 Bb4 12. Qc1 O-O 13. Be2 b6 14. Nxe4 fxe4 15. Ne5 Nxe5 16. dxe5 Qg6 17. Ba3 Bxa3 18. Qxa3 c5 19. Qc1 Bb7 20. f4 exf3 21. Bxf3 Qg5 22. e4 Qxc1 {Livaic,L (2569)-Anton Guijarro,D (2685) Vrnjacka Banja SRB 2023 0-1 (39)}) ({RR} 8. Bd3 f5 9. O-O Qf6 10. a4 O-O 11. Ba3 Bxa3 12. Rxa3 g5 13. b4 Rf7 14. Ne1 g4 15. Be2 Nf8 16. Nd3 Ng6 17. f4 gxf3 18. Nxf3 Rg7 19. Nf4 Qe7 20. Rb3 Bd7 21. Bd3 Ng5 22. Nxg5 Qxg5 {Valdes Escobar,A (2346)-Miranda Camus,J (2146) Santiago CHI 2025 ½-½ (48)}) 8... f5 9. Qc1 $146 ({RR} 9. O-O Qf6 10. Ne1 O-O 11. Ndf3 g5 12. Nd3 g4 13. Nfe5 Qh6 14. Qc1 Ndf6 15. Ba3 Bxa3 16. Qxa3 g3 17. hxg3 Nxg3 18. fxg3 Qxe3+ 19. Rf2 Ne4 20. Re1 dxc4 21. Bh5 Qg5 22. Rxe4 Rd8 23. Nf7 {1-0 (23) Krishna,C (2425)-Li Xueyi (2187) Budapest HUN 2024}) 9... O-O 10. O-O Qf6 11. Ba3 Bxa3 12. Qxa3 f4 13. Nxe4 dxe4 14. Nd2 f3 15. gxf3 exf3 16. Bxf3 e5 17. Bg2 Qg6 18. Ne4 Nf6 19. Qd6 Bh3 20. Ng3 Bxg2 21. Kxg2 exd4 22. exd4 Kh8 23. Rae1 Rad8 24. Qc5 h5 25. h4 Qg4 26. Qg5 Rxd4 27. Re7 Rd7 28. Rfe1 Rf7 29. R7e2 Rd3 30. Re3 Rxe3 31. Rxe3 Rd7 32. Re2 Kh7 33. f3 Qxg5 34. hxg5 Ng8 35. f4 g6 36. Re6 Ne7 37. Ne4 Kg7 38. Nd6 b6 39. Rf6 c5 40. Kf3 Kg8 41. Nf7 Kg7 42. Ne5 Rc7 43. Rf7+ Kg8 44. a4 Rb7 45. Kg2 Rc7 46. Rf6 Kg7 47. Kh3 Rb7 48. Kg2 Rc7 49. Rf7+ Kg8 50. Kf3 Rb7 51. f5 gxf5 52. g6 Rc7 53. Kg3 a5 54. Kh3 Ra7 55. Rf6 Kg7 56. Rxb6 Ng8 57. Kh4 Re7 58. Nd3 Kh6 59. g7+ Kxg7 60. Kxh5 Re3 61. Nxc5 Ne7 62. Kg5 Re1 63. Ra6 Rg1+ 64. Kf4 Rf1+ 65. Ke3 Re1+ 66. Kf2 Rb1 67. Rxa5 Nc6 68. Rb5 Nd4 69. Rb7+ Kf6 70. Ke3 Rd1 71. a5 Kg5 72. Rg7+ Kf6 73. Rb7 Kg5 74. a6 f4+ 75. Ke4 Nf5 76. a7 Nd6+ 77. Kf3 Nxb7 78. a8=Q Nxc5 79. Qg8+ Kh5 80. Qh7+ 1-0

[Event "Titled Tue 27th Jan 2026"]
[Site "chess.com INT"]
[Date "2026.01.27"]
[Round "4"]
[White "Indjic, A."]
[Black "Xiong, Jeffery"]
[Result "0-1"]
[WhiteElo "2635"]
[BlackElo "2656"]
[PlyCount "149"]
[EventDate "2026.01.27"]

1. d4 {Lutz,Christopher} d5 2. c4 e6 3. Nf3 Nf6 4. Bg5 dxc4 5. e4 b5 6. a4 c6 7. Nc3 a6 ({RR} 7... b4 8. Ne2 ({RR} 8. Nb1 Ba6 9. Qc1 c3 10. bxc3 Bxf1 11. Kxf1 Nbd7 ({RR} 11... h6 12. Bxf6 Qxf6 13. Nbd2 bxc3 14. Qxc3 a5 15. Nc4 Bb4 16. Qd3 O-O 17. Rd1 Nd7 18. g3) 12. Nbd2 ({RR} 12. g3 c5 13. Kg2 Rc8 14. cxb4 cxb4 15. Qb2 h6 16. Bxf6 Nxf6 17. Nbd2 Be7 18. Rhc1 O-O) 12... c5 13. d5 Be7 14. dxe6 fxe6 15. cxb4 cxb4 16. Qc6) 8... Ba6 9. Ng3 Qa5 10. Be2 c5 ({RR} 10... Nbd7) 11. d5 Nbd7 12. dxe6 fxe6 13. O-O Qc7 14. Qc2 O-O-O 15. Bxc4 Bxc4 16. Qxc4 Re8 17. a5 ({RR} 17. e5 Nd5 18. a5) 17... Ng4 18. Rfd1 Nge5 19. Nxe5 Nxe5 20. Qe2 Qc6 21. Be3 Be7 22. f4 {Ivanisevic,I (2530)-Korneev,O (2619) Elgoibar 2000 CBM 081 [Lutz,Christopher] 0-1 (51)}) ({RR} 7... Bb7) ({RR} 7... Be7 8. axb5 cxb5 9. Bxf6 Bxf6 10. Nxb5 Qb6 11. Bxc4 a6 12. Nc3 Qxb2 13. Qa4+ Bd7 14. Qa3 Qxa3 15. Rxa3 Be7 16. Ra2 a5 17. Kd2 Bb4 18. Kd3 Nc6 19. d5 exd5 20. Nxd5 O-O 21. Rc1 Bg4 22. Bb5 {Barria Zuniga,D (2341)-Poupalos,N (2222) chess.com INT 2025 1-0}) 8. Qc2 $146 ({RR} 8. axb5 cxb5 9. Nxb5 axb5 10. Rxa8 Bb7 11. Ra1 h6 12. Bxf6 Bb4+ 13. Nd2 Qxf6 14. e5 Qf4 15. Qc2 Qxd4 16. Be2 Be4 17. Qc1 O-O {0-1 (17) Taboas Rodriguez,D (2353)-Xiong,J (2688) Chess.com INT 2022}) ({RR} 8. axb5 cxb5 9. Nxb5 axb5 10. Rxa8 Bb4+ 11. Bd2 Bxd2+ 12. Qxd2 Na6 13. e5 Nd5 14. Ng5 O-O 15. Ne4 Qc7 16. Nd6 Nb6 17. Nxb5 Qc6 18. Rxc8 Nxc8 19. Qa5 Qe4+ 20. Kd2 Nb8 21. Qc3 Rd8 22. f3 Qxe5 {Toefferl,H (2185)-Teuschler,H (2095) Austria 1994 0-1 (42)}) 8... Bb7 9. Be2 Nbd7 10. O-O h6 11. Bh4 g5 12. Bg3 Nh5 13. Rad1 Nxg3 14. hxg3 Bg7 15. e5 O-O 16. Ne4 c5 17. dxc5 Bxe4 18. Qxe4 Nxc5 19. Qe3 Qc7 20. axb5 axb5 21. Rd6 Ra2 22. Rb1 Na4 23. Nd4 Qc5 24. Rc6 Qxe5 25. Qxe5 Bxe5 26. Nxb5 c3 27. b3 Rb2 28. Nxc3 Bxc3 29. Rxb2 Bxb2 30. bxa4 Bd4 31. Rc2 Rb8 32. Bb5 Bb6 33. Kf1 Rd8 34. Ke2 Rd5 35. f4 g4 36. Bc4 Rd4 37. Kf1 h5 38. Bb5 Rb4 39. Rd2 Rb1+ 40. Ke2 Rg1 41. Kd3 Ba5 42. Re2 Ra1 43. Ke4 Ra3 44. f5 Rxg3 45. fxe6 fxe6 46. Kf4 h4 47. Bc6 Kf7 48. Be4 Kf6 49. Bc6 Bc7+ 50. Ke4 Ra3 51. Rc2 h3 52. gxh3 gxh3 53. Kd4 h2 54. Rc1 Bb6+ 55. Kc4 Rg3 56. Kb5 Rg1 57. Rc2 Bc7 58. Rf2+ Ke7 59. Re2 h1=Q 60. Bxh1 Rxh1 61. Kc6 Rc1+ 62. Kb7 Bd8 63. Rd2 Ba5 64. Rd3 Rc5 65. Ka6 e5 66. Rb3 Kd6 67. Rd3+ Ke6 68. Rh3 e4 69. Rh6+ Kd5 70. Rh5+ Kd4 71. Rxc5 Kxc5 72. Kxa5 e3 73. Ka6 e2 74. Kb7 e1=Q 75. a5 0-1